[Event "IECC KO email"]
[Site "IECC email"]
[Date "2003.01.03"]
[Round "?"]
[White "Sparkes, William"]
[Black "Spol, Chris"]
[Result "1-0"]
[WhiteElo "1197"]
[BlackElo "1109"]
[PlyCount "31"]
[EventDate "2003.??.??"]
[EventType "tourn (corr)"]
[EventRounds "6"]
[SourceTitle "Corr 2008"]
[Source "ChessBase"]
[SourceDate "2008.06.24"]
[SourceVersion "1"]
[SourceVersionDate "2008.06.24"]
[SourceQuality "1"]

1. e4 e6 2. d4 d5 3. Nc3 Bb4 4. a3 Bxc3+ 5. bxc3 dxe4 6. Qg4 Nf6 7. Qxg7 Rg8 8. Qh6 Nbd7 9. Ne2 b6 10. Ng3 Bb7 11. Bb2 Qe7 12. 0-0-0 0-0-0 13. Be2 Rg6 14. Qd2 Ne5 15. Qf4 Nd5 16. dxe5 1-0

[Event "IECC KO email"]
[Site "IECC email"]
[Date "2002.10.20"]
[Round "?"]
[White "Sparkes, William"]
[Black "Meetze, Bill"]
[Result "0-1"]
[WhiteElo "1199"]
[BlackElo "1335"]
[PlyCount "44"]
[EventDate "2002.??.??"]
[EventType "tourn (corr)"]
[EventRounds "6"]
[SourceTitle "Corr 2008"]
[Source "ChessBase"]
[SourceDate "2008.06.24"]
[SourceVersion "1"]
[SourceVersionDate "2008.06.24"]
[SourceQuality "1"]

1. e4 e5 2. Nc3 Nf6 3. Nf3 Nc6 4. d4 exd4 5. Nxd4 Bb4 6. Nxc6 bxc6 7. Qd4 Qe7 8. e5 Bc5 9. Qf4 Bd6 10. Be3 Bxe5 11. Qg5 d5 12. 0-0-0 Bxc3 13. bxc3 Qa3+ 14. Kd2 Ne4+ 15. Ke2 Nxg5 16. Bxg5 0-0 17. Kd2 Bf5 18. Ra1 d4 19. cxd4 Qb4+ 20. c3 Qb2+ 21. Ke3 Qxc3+ 22. Bd3 Qxd3+ 0-1

[Event "IECC M email"]
[Site "IECC email"]
[Date "2002.01.29"]
[Round "?"]
[White "Sparkes, William"]
[Black "Harrison, Mark"]
[Result "0-1"]
[WhiteElo "1225"]
[BlackElo "925"]
[PlyCount "106"]
[EventDate "2002.??.??"]
[EventType "tourn (corr)"]
[EventRounds "6"]
[SourceTitle "Corr 2008"]
[Source "ChessBase"]
[SourceDate "2008.06.24"]
[SourceVersion "1"]
[SourceVersionDate "2008.06.24"]
[SourceQuality "1"]

1. d4 d5 2. e3 e6 3. Nc3 Bd7 4. Bd3 Be7 5. Nf3 Nf6 6. 0-0 Bd6 7. Ne5 0-0 8. Bd2 Nc6 9. f4 Nb4 10. Be2 Ne4 11. Nxe4 dxe4 12. Bxb4 Bxb4 13. c3 f6 14. Nxd7 Qxd7 15. cxb4 f5 16. Qb3 a6 17. Rac1 c6 18. Rc5 Rf6 19. Re5 Re8 20. Rc1 Kh8 21. Qa3 Rh6 22. Qa5 Qe7 23. h3 Qh4 24. Rc3 Qe1+ 25. Bf1 Qa1 26. Rb3 Qd1 27. Qc7 Qe1 28. Qxb7 Rg8 29. Qxa6 Qg3 30. Qxc6 Rxh3 31. Qxe6 Qh2+ 32. Kf2 Qg3+ 33. Ke2 Qg4+ 34. Ke1 Qg3+ 35. Kd2 Rh1 36. Qc4 Qf2+ 37. Qe2 Rxf1 38. Rxf5 Qg1 39. Rh5 Rf2 40. Rg5 Qf1 41. Qxf2 Qxf2+ 42. Kc1 Rc8+ 43. Rc5 Qe1+ 44. Kc2 Qf2+ 45. Kc1 Qg1+ 46. Kd2 Qxg2+ 47. Kc3 Rf8 48. b5 Qe2 49. Rb4 Qxe3+ 50. Kc4 Qe2+ 51. Kd5 Rd8+ 52. Ke5 Qh5+ 53. Kxe4 Qe2+ 0-1

[Event "IECC M email"]
[Site "IECC email"]
[Date "2001.10.17"]
[Round "?"]
[White "Mitchell, TT."]
[Black "Sparkes, William"]
[Result "0-1"]
[WhiteElo "948"]
[BlackElo "1174"]
[PlyCount "114"]
[EventDate "2001.??.??"]
[EventType "tourn (corr)"]
[EventRounds "6"]
[SourceTitle "Corr 2008"]
[Source "ChessBase"]
[SourceDate "2008.06.24"]
[SourceVersion "1"]
[SourceVersionDate "2008.06.24"]
[SourceQuality "1"]

1. e4 Nf6 2. d3 Nc6 3. Nf3 d5 4. Nbd2 Bg4 5. h3 Bxf3 6. Qxf3 Nd4 7. Qd1 e5 8. c3 Ne6 9. Qa4+ Qd7 10. Qxd7+ Kxd7 11. exd5 Nxd5 12. Nc4 Bd6 13. Nxd6 Kxd6 14. Be2 Ndf4 15. Bf3 Nxd3+ 16. Ke2 Nxf2 17. Kxf2 Nc5 18. Rd1+ Ke6 19. Bd5+ Ke7 20. Re1 Nd3+ 21. Ke2 Nxe1 22. Kxe1 c6 23. Bb3 Rae8 24. Be3 b6 25. Rd1 Rd8 26. Rc1 Rd3 27. Ke2 Rd6 28. Rf1 f6 29. Bg5 fxg5 30. Rf7+ Kd8 31. Rxa7 Rf8 32. Rxg7 h6 33. g4 c5 34. Rb7 Rf4 35. Ke3 Ke8 36. Rb8+ Kd7 37. Bc2 Rf1 38. Bf5+ Kc7 39. Re8 Re1+ 40. Kf2 Rdd1 41. Rh8 Rf1+ 42. Ke2 Rh1 43. Rh7+ Kd8 44. Rxh6 Rhe1+ 45. Kf2 Rf1+ 46. Ke2 b5 47. Rb6 Rb1 48. Rxb5 Rbe1+ 49. Kd2 e4 50. Rxc5 e3+ 51. Kd3 Rf2 52. Rd5+ Kc7 53. Rd7+ Kc6 54. Rg7 e2 55. Be4+ Kd6 56. Ke3 Rd1 57. Rg6+ Ke7 0-1

[Event "IECC KO email"]
[Site "IECC email"]
[Date "2001.08.12"]
[Round "?"]
[White "Mitchell, TT."]
[Black "Sparkes, William"]
[Result "0-1"]
[WhiteElo "912"]
[BlackElo "1121"]
[PlyCount "98"]
[EventDate "2001.??.??"]
[EventType "tourn (corr)"]
[EventRounds "6"]
[SourceTitle "Corr 2008"]
[Source "ChessBase"]
[SourceDate "2008.06.24"]
[SourceVersion "1"]
[SourceVersionDate "2008.06.24"]
[SourceQuality "1"]

1. e4 e5 2. Nf3 Nc6 3. Be2 Nf6 4. Nc3 d5 5. exd5 Nxd5 6. Nxd5 Qxd5 7. c4 Qc5 8. 0-0 Be6 9. d3 0-0-0 10. Be3 Qb4 11. Qc2 Bc5 12. a3 Qb6 13. Bxc5 Qxc5 14. Ng5 Nd4 15. Qd1 Qe7 16. Nxe6 Qxe6 17. Bg4 f5 18. Bh3 Kb8 19. Re1 Qf6 20. Rc1 Rd6 21. c5 Rc6 22. Kh1 b6 23. cxb6 Rxb6 24. Rb1 Rd8 25. b4 Kb7 26. g3 f4 27. Bg2+ f3 28. Bf1 Ra6 29. a4 c6 30. Rc1 Qe7 31. Rc4 Rb6 32. Qb1 a5 33. b5 cxb5 34. axb5 Rxb5 35. Qc1 Rb4 36. Rc5 Nb3 37. Rexe5 Qxe5 38. Rxe5 Nxc1 39. Re7+ Kc6 40. h4 Nxd3 41. Bxd3 Rxd3 42. Rxg7 Rd1+ 43. Kh2 Rb2 44. Kh3 Rxf2 45. Rxh7 Re2 46. Rh6+ Kc7 47. Rh7+ Kd6 48. Rh6+ Ke7 49. Rg6 f2 0-1

[Event "IECC KO email"]
[Site "IECC email"]
[Date "2001.08.12"]
[Round "?"]
[White "Sparkes, William"]
[Black "Mitchell, TT."]
[Result "1-0"]
[WhiteElo "1132"]
[BlackElo "915"]
[PlyCount "41"]
[EventDate "2001.??.??"]
[EventType "tourn (corr)"]
[EventRounds "6"]
[SourceTitle "Corr 2008"]
[Source "ChessBase"]
[SourceDate "2008.06.24"]
[SourceVersion "1"]
[SourceVersionDate "2008.06.24"]
[SourceQuality "1"]

1. e4 e5 2. Nf3 d6 3. d4 Nc6 4. d5 Nce7 5. Be3 g6 6. Nc3 a6 7. Be2 Bh6 8. 0-0 Bxe3 9. fxe3 Nf6 10. Qd3 0-0 11. Nxe5 Bh3 12. gxh3 dxe5 13. Rxf6 Nf5 14. Rxf5 gxf5 15. exf5 Qg5+ 16. Kh1 Qh4 17. d6 Qxh3 18. dxc7 f6 19. Rg1+ Kh8 20. Qe4 h5 21. Bf1 1-0

[Event "IECC KO email"]
[Site "IECC email"]
[Date "2001.08.11"]
[Round "?"]
[White "Moeller, Soeren"]
[Black "Sparkes, William"]
[Result "1-0"]
[WhiteElo "1029"]
[BlackElo "1134"]
[PlyCount "53"]
[EventDate "2001.??.??"]
[EventType "tourn (corr)"]
[EventRounds "6"]
[SourceTitle "Corr 2008"]
[Source "ChessBase"]
[SourceDate "2008.06.24"]
[SourceVersion "1"]
[SourceVersionDate "2008.06.24"]
[SourceQuality "1"]

1. e4 e5 2. Qh5 Nc6 3. Nf3 g6 4. Qg5 Qxg5 5. Nxg5 Nd4 6. Bd3 Be7 7. Nf3 Nxf3+ 8. gxf3 b6 9. Nc3 Bb7 10. Nb5 Kd8 11. b3 a6 12. Nc3 Bc5 13. Bb2 Bd4 14. 0-0-0 Bxf2 15. Nd5 Bxd5 16. exd5 f6 17. f4 Bd4 18. Rhf1 Ke7 19. Rde1 Kd6 20. c4 Ne7 21. fxe5+ Bxe5 22. Bxe5+ fxe5 23. Rf6+ Kc5 24. Rxe5 Ng8 25. d6+ Kb4 26. Kb2 Nxf6 27. a3# 1-0

[Event "IECC KO email"]
[Site "IECC email"]
[Date "2001.08.11"]
[Round "?"]
[White "Sparkes, William"]
[Black "Moeller, Soeren"]
[Result "1-0"]
[WhiteElo "1154"]
[BlackElo "1049"]
[PlyCount "59"]
[EventDate "2001.??.??"]
[EventType "tourn (corr)"]
[EventRounds "6"]
[SourceTitle "Corr 2008"]
[Source "ChessBase"]
[SourceDate "2008.06.24"]
[SourceVersion "1"]
[SourceVersionDate "2008.06.24"]
[SourceQuality "1"]

1. e4 e5 2. Nf3 Nc6 3. Bb5 Nf6 4. 0-0 Nxe4 5. d4 Nd6 6. Bxc6 e4 7. Bd5 exf3 8. Qxf3 f5 9. Re1+ Ne4 10. Qxf5 Qf6 11. Qxe4+ Be7 12. Bxb7 Bxb7 13. Qxb7 0-0 14. Qf3 Rae8 15. Qd5+ Kh8 16. Be3 c6 17. Qxd7 Bc5 18. Nd2 Re7 19. Qg4 Bd6 20. Ne4 Qe6 21. Qxe6 Rxe6 22. Bd2 Bf4 23. Bxf4 Rxf4 24. f3 Rf5 25. Nc5 Rxe1+ 26. Rxe1 h6 27. Re6 Rf4 28. Ne4 Kg8 29. Rxc6 g5 30. Rxh6 1-0

[Event "IECC CL7-2001.17"]
[Site "IECC email"]
[Date "2001.06.26"]
[Round "?"]
[White "Fisher, Alexander J"]
[Black "Sparkes, William"]
[Result "1-0"]
[WhiteElo "1076"]
[BlackElo "1130"]
[PlyCount "101"]
[EventDate "2001.??.??"]
[EventType "tourn (corr)"]
[EventRounds "4"]
[SourceTitle "Corr 2008"]
[Source "ChessBase"]
[SourceDate "2008.06.24"]
[SourceVersion "1"]
[SourceVersionDate "2008.06.24"]
[SourceQuality "1"]

1. e4 e5 2. Nf3 Nc6 3. Bb5 Nf6 4. Nc3 Bb4 5. Bxc6 dxc6 6. d3 Bg4 7. Bd2 0-0 8. h3 Bxf3 9. Qxf3 Bxc3 10. Bxc3 Qd6 11. 0-0-0 Qe6 12. Kb1 Rfd8 13. Rd2 Rd6 14. Rhd1 c5 15. Qe3 Nd7 16. f4 exf4 17. Qxf4 Re8 18. Qg3 Ne5 19. Rf1 Ra6 20. b3 Rd6 21. Qf4 Qf6 22. Qxf6 Rxf6 23. Rxf6 gxf6 24. Rf2 Kg7 25. g4 b5 26. Bb2 b4 27. a4 bxa3 28. Bxa3 Nd7 29. Rf5 Re5 30. Rf1 Re8 31. Rg1 Kg6 32. h4 h5 33. g5 fxg5 34. Rxg5+ Kh6 35. Bxc5 Nxc5 36. Rxc5 Rc8 37. Rf5 Kg6 38. Kb2 c5 39. Kc3 Rc6 40. Kc4 f6 41. Rxc5 Rxc5+ 42. Kxc5 f5 43. exf5+ Kxf5 44. d4 Kg4 45. d5 Kxh4 46. d6 Kg3 47. d7 h4 48. d8Q h3 49. Qd3+ Kg2 50. Qe4+ Kg3 51. Qh1 1-0

[Event "IECC CL7-2001.17"]
[Site "IECC email"]
[Date "2001.06.26"]
[Round "?"]
[White "Sparkes, William"]
[Black "Hutton, Andrew D"]
[Result "0-1"]
[WhiteElo "1129"]
[BlackElo "1189"]
[PlyCount "70"]
[EventDate "2001.??.??"]
[EventType "tourn (corr)"]
[EventRounds "4"]
[SourceTitle "Corr 2008"]
[Source "ChessBase"]
[SourceDate "2008.06.24"]
[SourceVersion "1"]
[SourceVersionDate "2008.06.24"]
[SourceQuality "1"]

1. e4 d6 2. Nc3 g6 3. Bb5+ c6 4. Be2 Bg7 5. d4 Nf6 6. e5 dxe5 7. dxe5 Qxd1+ 8. Kxd1 Nfd7 9. Nf3 Nxe5 10. Nxe5 Bxe5 11. Be3 b5 12. Bc5 Nd7 13. Kd2 Nxc5 14. Ke3 f5 15. f4 Bg7 16. Bf3 Bb7 17. a3 Kf7 18. Rhd1 a5 19. g4 b4 20. axb4 axb4 21. Rxa8 Rxa8 22. Ne2 Bxb2 23. gxf5 gxf5 24. Bh5+ Kf6 25. Bf3 Ra3+ 26. Kf2 Ne4+ 27. Bxe4 fxe4 28. Rb1 Ra2 29. Rd1 Ba3 30. Rd7 b3 31. cxb3 Bc5+ 32. Ke1 Ba6 33. Nd4 e3 34. Nxc6 e2 35. Rd2 Ra1+ 0-1

[Event "IECC M email"]
[Site "IECC email"]
[Date "2001.05.22"]
[Round "?"]
[White "Sparkes, William"]
[Black "Smith, Sid S"]
[Result "0-1"]
[WhiteElo "1106"]
[BlackElo "922"]
[PlyCount "46"]
[EventDate "2001.??.??"]
[EventType "tourn (corr)"]
[EventRounds "6"]
[SourceTitle "Corr 2008"]
[Source "ChessBase"]
[SourceDate "2008.06.24"]
[SourceVersion "1"]
[SourceVersionDate "2008.06.24"]
[SourceQuality "1"]

1. e4 e5 2. Bc4 Nf6 3. Qf3 Bb4 4. Qb3 Qe7 5. Bxf7+ Qxf7 6. Qxb4 d6 7. Nc3 0-0 8. Nge2 b6 9. 0-0 Bh3 10. gxh3 Qg6+ 11. Ng3 Nh5 12. Qc4+ Kh8 13. Qxc7 Nf4 14. h4 Nh3+ 15. Kg2 Na6 16. Qc4 Nf4+ 17. Kf3 Nd3+ 18. Nf5 Rxf5+ 19. exf5 Qxf5+ 20. Ke2 e4 21. cxd3 exd3+ 22. Kd1 Qf3+ 23. Ke1 Re8+ 0-1

[Event "IECC KO email"]
[Site "IECC email"]
[Date "2001.05.13"]
[Round "?"]
[White "Sparkes, William"]
[Black "Adams, Scott"]
[Result "1-0"]
[WhiteElo "1108"]
[BlackElo "1000"]
[PlyCount "65"]
[EventDate "2001.??.??"]
[EventType "tourn (corr)"]
[EventRounds "6"]
[SourceTitle "Corr 2008"]
[Source "ChessBase"]
[SourceDate "2008.06.24"]
[SourceVersion "1"]
[SourceVersionDate "2008.06.24"]
[SourceQuality "1"]

1. e4 c5 2. Nc3 e5 3. Bc4 Nf6 4. Nf3 Bd6 5. d3 0-0 6. 0-0 b6 7. Ng5 Nc6 8. Be3 Nd4 9. Nb5 Nxb5 10. Bxb5 a6 11. Bc4 b5 12. Bb3 Re8 13. Nxf7 Qe7 14. Nxd6+ c4 15. Nxe8 Qxe8 16. dxc4 d6 17. cxb5+ Be6 18. Qxd6 axb5 19. Bxe6+ Kh8 20. f3 Rd8 21. Qxe5 Qe7 22. Rad1 Re8 23. Rd6 h6 24. Rfd1 Ra8 25. a3 Rb8 26. Rc6 Qe8 27. Rc5 Kh7 28. Qf5+ Kh8 29. Bxh6 Qh5 30. Bxg7+ Kxg7 31. Rc7+ Kh6 32. Qxf6+ Qg6 33. Qh4+ 1-0

[Event "IECC M email"]
[Site "IECC email"]
[Date "2001.04.30"]
[Round "?"]
[White "Sparkes, William"]
[Black "Harrison, Mark"]
[Result "0-1"]
[WhiteElo "1093"]
[BlackElo "937"]
[PlyCount "64"]
[EventDate "2001.??.??"]
[EventType "tourn (corr)"]
[EventRounds "6"]
[SourceTitle "Corr 2008"]
[Source "ChessBase"]
[SourceDate "2008.06.24"]
[SourceVersion "1"]
[SourceVersionDate "2008.06.24"]
[SourceQuality "1"]

1. e4 e5 2. Nf3 d5 3. exd5 Qxd5 4. Nc3 Qa5 5. d4 Nc6 6. d5 Nb4 7. Nxe5 Bf5 8. Bb5+ c6 9. dxc6 bxc6 10. Bxc6+ Nxc6 11. Nxc6 Qc7 12. Qe2+ Ne7 13. Nd4 0-0-0 14. Be3 Qb6 15. Nxf5 Nxf5 16. Bxb6 axb6 17. Qa6+ Kd7 18. 0-0-0+ Bd6 19. Rhe1 Kc6 20. Qc4+ Kb7 21. Qxf7+ Kc6 22. Qxf5 Rhf8 23. Qb5+ Kc7 24. Nd5+ Kc8 25. Nxb6+ Kc7 26. Nd5+ Kc8 27. Qa6+ Kb8 28. Ne7 Bf4+ 29. Kb1 Rd2 30. Nc6+ Kc7 31. Re7+ Kd6 32. Rxg7 Rxd1# 0-1

[Event "IECC KO email"]
[Site "IECC email"]
[Date "2001.03.28"]
[Round "?"]
[White "Sparkes, William"]
[Black "Hutton, Andrew D"]
[Result "1-0"]
[WhiteElo "1112"]
[BlackElo "1209"]
[PlyCount "85"]
[EventDate "2001.??.??"]
[EventType "tourn (corr)"]
[EventRounds "6"]
[SourceTitle "Corr 2008"]
[Source "ChessBase"]
[SourceDate "2008.06.24"]
[SourceVersion "1"]
[SourceVersionDate "2008.06.24"]
[SourceQuality "1"]

1. e4 Nf6 2. e5 Nd5 3. d4 d6 4. Nf3 g6 5. Bc4 Nb6 6. Bb5+ c6 7. Be2 Bg7 8. Nc3 a5 9. Bf4 0-0 10. 0-0 h6 11. exd6 exd6 12. Ne4 d5 13. Ng3 Na4 14. Rb1 b5 15. Qd2 Kh7 16. b3 Nb6 17. Bxb8 Rxb8 18. Qxa5 Ra8 19. Qc3 Bd7 20. Ra1 Ra3 21. Qc5 Ra6 22. Ne5 Bxe5 23. dxe5 Na8 24. a4 Nc7 25. axb5 Rxa1 26. Rxa1 Nxb5 27. Bxb5 cxb5 28. Qxd5 Qc8 29. Ne4 Bc6 30. Nf6+ Kg7 31. Qc5 Qe6 32. Qd4 Qc8 33. e6 h5 34. Nxh5+ Kh6 35. Nf4 fxe6 36. Qe3 Re8 37. Nxe6+ Kh7 38. Ra7+ Bb7 39. Qe4 Rxe6 40. Rxb7+ Kg8 41. Qd5 Qe8 42. Rb6 Kf7 43. f4 1-0

[Event "IECC KO email"]
[Site "IECC email"]
[Date "2001.01.20"]
[Round "?"]
[White "Mellor, Dave"]
[Black "Sparkes, William"]
[Result "0-1"]
[WhiteElo "1018"]
[BlackElo "1019"]
[PlyCount "74"]
[EventDate "2001.??.??"]
[EventType "tourn (corr)"]
[EventRounds "6"]
[SourceTitle "Corr 2008"]
[Source "ChessBase"]
[SourceDate "2008.06.24"]
[SourceVersion "1"]
[SourceVersionDate "2008.06.24"]
[SourceQuality "1"]

1. e4 e5 2. Nf3 Nc6 3. Bb5 Nf6 4. 0-0 Nxe4 5. Re1 Nd6 6. Nxe5 Nxe5 7. Rxe5+ Be7 8. Ba4 Nc4 9. Re1 Nb6 10. Bb3 d5 11. d4 0-0 12. Nc3 Bd6 13. Qh5 Be6 14. a3 Qf6 15. Nb5 Bf4 16. Bxf4 Qxf4 17. Rad1 Bg4 18. Qh4 g5 19. Qg3 Qxg3 20. fxg3 Bxd1 21. Rxd1 Rfc8 22. Re1 Kf8 23. Kf2 Kg7 24. Re7 Kf6 25. Re5 c5 26. c3 cxd4 27. cxd4 Nc4 28. Re2 Rc6 29. Nc3 Rd8 30. Nd1 Kg7 31. Re7 Rb6 32. Bxc4 dxc4 33. Ke3 Rb3+ 34. Kd2 Rxd4+ 35. Ke1 Rd8 36. Re4 b5 37. Re2 Kf6 0-1

[Event "IECC CL7-2000.40"]
[Site "IECC email"]
[Date "2000.08.11"]
[Round "?"]
[White "Sparkes, William"]
[Black "Elias Rivas, Fernando"]
[Result "1-0"]
[WhiteElo "1017"]
[BlackElo "1064"]
[PlyCount "67"]
[EventDate "2000.??.??"]
[EventType "tourn (corr)"]
[EventRounds "4"]
[SourceTitle "Corr 2008"]
[Source "ChessBase"]
[SourceDate "2008.06.24"]
[SourceVersion "1"]
[SourceVersionDate "2008.06.24"]
[SourceQuality "1"]

1. e4 e6 2. d4 d5 3. exd5 exd5 4. Nc3 Bb4 5. Nf3 Nf6 6. Bd3 0-0 7. 0-0 c5 8. dxc5 Bxc5 9. Be3 Bxe3 10. fxe3 Nc6 11. Qd2 a6 12. Nd4 Re8 13. Rf4 Nh5 14. Nxc6 bxc6 15. Rd4 Qg5 16. Re1 Bh3 17. Na4 Re6 18. Nc5 Re5 19. Bxa6 Rae8 20. Bb7 Rxe3 21. Rxe3 Rxe3 22. Kf2 Nf4 23. Qxe3 Qxg2+ 24. Ke1 g5 25. Qf2 Qg4 26. Bxc6 Qf5 27. Kd2 Qe5 28. Qe3 Qd6 29. Qe8+ Kg7 30. Ne4 Qh6 31. Qe5+ Kg8 32. Nf6+ Kf8 33. Qd6+ Kg7 34. Ne8+ 1-0

[Event "IECC CL7-2000.40"]
[Site "IECC email"]
[Date "2000.08.11"]
[Round "?"]
[White "Sparkes, William"]
[Black "Howie, Andrew"]
[Result "0-1"]
[WhiteElo "1022"]
[BlackElo "1084"]
[PlyCount "52"]
[EventDate "2000.??.??"]
[EventType "tourn (corr)"]
[EventRounds "4"]
[SourceTitle "Corr 2008"]
[Source "ChessBase"]
[SourceDate "2008.06.24"]
[SourceVersion "1"]
[SourceVersionDate "2008.06.24"]
[SourceQuality "1"]

1. e4 e5 2. Nf3 Nc6 3. Bb5 a6 4. Bxc6 dxc6 5. Nc3 Bd6 6. d3 Nf6 7. Be3 Bg4 8. 0-0 0-0 9. h3 Bxf3 10. Qxf3 Qe7 11. Qf5 b6 12. g4 Bb4 13. g5 Nh5 14. Kg2 g6 15. Qg4 Bxc3 16. bxc3 Qa3 17. c4 Qc3 18. Qe2 f6 19. Qd2 Qxd2 20. Bxd2 f5 21. exf5 Rxf5 22. Rfe1 Raf8 23. Re4 Rxf2+ 24. Kg1 Rxd2 25. Rxe5 Nf4 26. Re7 Ne2+ 0-1

[Event "IECC KO email"]
[Site "IECC email"]
[Date "2000.07.23"]
[Round "?"]
[White "Smith, Sid S"]
[Black "Sparkes, William"]
[Result "0-1"]
[WhiteElo "962"]
[BlackElo "1016"]
[PlyCount "72"]
[EventDate "2000.??.??"]
[EventType "tourn (corr)"]
[EventRounds "6"]
[SourceTitle "Corr 2008"]
[Source "ChessBase"]
[SourceDate "2008.06.24"]
[SourceVersion "1"]
[SourceVersionDate "2008.06.24"]
[SourceQuality "1"]

1. e4 e5 2. Nf3 Nc6 3. Bb5 Nf6 4. d3 d6 5. Bxc6+ bxc6 6. 0-0 Rb8 7. b3 Rb4 8. Be3 c5 9. Nbd2 Ng4 10. Bg5 Be7 11. Bxe7 Qxe7 12. c4 0-0 13. Nb1 f5 14. Nc3 Bb7 15. Nd2 Qg5 16. Nf3 Qf4 17. g3 Qh6 18. Nd5 Bxd5 19. cxd5 fxe4 20. a3 Rb6 21. dxe4 Rxf3 22. Kg2 Rxf2+ 23. Rxf2 Ne3+ 24. Kg1 Nxd1 25. Rxd1 Rxb3 26. Rdf1 g5 27. a4 Qh3 28. Rf7 Rb7 29. Rf8+ Kg7 30. a5 Rb2 31. R8f7+ Kg6 32. R7f6+ Kh5 33. R6f2 Rxf2 34. Rxf2 Qg4 35. Kg2 Qxe4+ 36. Kg1 Qxd5 0-1

[Event "IECC KO email"]
[Site "IECC email"]
[Date "2000.06.26"]
[Round "?"]
[White "Fuentes, Javier"]
[Black "Sparkes, William"]
[Result "1-0"]
[WhiteElo "973"]
[BlackElo "1020"]
[PlyCount "67"]
[EventDate "2000.??.??"]
[EventType "tourn (corr)"]
[EventRounds "6"]
[SourceTitle "Corr 2008"]
[Source "ChessBase"]
[SourceDate "2008.06.24"]
[SourceVersion "1"]
[SourceVersionDate "2008.06.24"]
[SourceQuality "1"]

1. Nf3 d5 2. g3 Nf6 3. Bg2 Bg4 4. 0-0 Qd6 5. d3 Nbd7 6. Nbd2 h6 7. e4 0-0-0 8. h3 Bxf3 9. Qxf3 e6 10. Re1 Qe5 11. c3 Bd6 12. d4 Qg5 13. e5 Nxe5 14. dxe5 Bxe5 15. Nc4 Bf4 16. Bxf4 Qf5 17. Ne5 Ne4 18. Nd3 h5 19. h4 c5 20. Bg5 Qxf3 21. Bxf3 Nxg5 22. hxg5 c4 23. Ne5 Rdf8 24. g6 fxg6 25. Nxg6 Rxf3 26. Nxh8 Kd7 27. Re5 Rf5 28. Rxf5 exf5 29. Re1 Kd6 30. Re8 g5 31. Nf7+ Kd7 32. Re1 g4 33. Nh6 a5 34. Nxf5 1-0

[Event "IECC KO email"]
[Site "IECC email"]
[Date "2000.06.21"]
[Round "?"]
[White "Sparkes, William"]
[Black "Guelker, Lorenz"]
[Result "0-1"]
[WhiteElo "1034"]
[BlackElo "1016"]
[PlyCount "58"]
[EventDate "2000.??.??"]
[EventType "tourn (corr)"]
[EventRounds "6"]
[SourceTitle "Corr 2008"]
[Source "ChessBase"]
[SourceDate "2008.06.24"]
[SourceVersion "1"]
[SourceVersionDate "2008.06.24"]
[SourceQuality "1"]

1. e4 e5 2. Nf3 Nf6 3. Nc3 Nc6 4. Bb5 Bc5 5. Bxc6 dxc6 6. Nxe5 Bxf2+ 7. Kxf2 Qd4+ 8. Kf3 Qxe5 9. d4 Bg4+ 10. Kf2 Nxe4+ 11. Kg1 Bxd1 12. dxe5 Nxc3 13. bxc3 Bxc2 14. Kf2 0-0-0 15. Bf4 Rd3 16. Be3 Rxc3 17. Bxa7 b6 18. Ke2 Ra3 19. Rhc1 Be4 20. e6 fxe6 21. Bxb6 cxb6 22. g3 Kc7 23. Ke1 Rha8 24. Rc4 Bg6 25. Rf4 Rxa2 26. Rxa2 Rxa2 27. h3 b5 28. Rd4 c5 29. Rf4 b4 0-1

[Event "IECC CL7-2000.28"]
[Site "IECC email"]
[Date "2000.05.13"]
[Round "?"]
[White "Howie, Andrew"]
[Black "Sparkes, William"]
[Result "1-0"]
[WhiteElo "995"]
[BlackElo "1104"]
[PlyCount "26"]
[EventDate "2000.??.??"]
[EventType "tourn (corr)"]
[EventRounds "4"]
[SourceTitle "Corr 2008"]
[Source "ChessBase"]
[SourceDate "2008.06.24"]
[SourceVersion "1"]
[SourceVersionDate "2008.06.24"]
[SourceQuality "1"]

1. e4 e5 2. Nf3 Nc6 3. Bc4 Bc5 4. d3 Nf6 5. Nc3 0-0 6. 0-0 Bb4 7. Bd2 Bxc3 8. Bxc3 d5 9. exd5 Nxd5 10. Nxe5 Nxe5 11. Bxe5 Nb6 12. Bb3 Qf6 13. Bxf6 gxf6 1-0

[Event "IECC KO email"]
[Site "IECC email"]
[Date "2000.04.18"]
[Round "?"]
[White "Boho, Andrew"]
[Black "Sparkes, William"]
[Result "1-0"]
[WhiteElo "1085"]
[BlackElo "1067"]
[PlyCount "39"]
[EventDate "2000.??.??"]
[EventType "tourn (corr)"]
[EventRounds "6"]
[SourceTitle "Corr 2008"]
[Source "ChessBase"]
[SourceDate "2008.06.24"]
[SourceVersion "1"]
[SourceVersionDate "2008.06.24"]
[SourceQuality "1"]

1. e4 e5 2. d4 Qh4 3. Nd2 exd4 4. Ngf3 Qf6 5. e5 Qe6 6. Bd3 Nc6 7. 0-0 d6 8. Bb5 dxe5 9. Nxe5 Qxe5 10. Re1 Qxe1+ 11. Qxe1+ Be7 12. Nf3 Bd7 13. Nxd4 Nxd4 14. Bxd7+ Kxd7 15. Qd1 c5 16. c3 Bf6 17. cxd4 cxd4 18. Be3 Ke6 19. Qb3+ Ke7 20. Qxb7+ 1-0

[Event "IECC KO email"]
[Site "IECC email"]
[Date "1999.12.02"]
[Round "?"]
[White "Sparkes, William"]
[Black "Humphreys, Bill"]
[Result "1-0"]
[WhiteElo "1126"]
[BlackElo "1203"]
[PlyCount "133"]
[EventDate "1999.??.??"]
[EventType "tourn (corr)"]
[EventRounds "6"]
[SourceTitle "Corr 2008"]
[Source "ChessBase"]
[SourceDate "2008.06.24"]
[SourceVersion "1"]
[SourceVersionDate "2008.06.24"]
[SourceQuality "1"]

1. e4 d6 2. d4 Nf6 3. Nc3 Nbd7 4. Nf3 e5 5. Bg5 h6 6. Bxf6 Nxf6 7. dxe5 Nh5 8. Bc4 Nf4 9. 0-0 c6 10. exd6 Bxd6 11. Qd4 f6 12. Rad1 Be7 13. Qxd8+ Bxd8 14. g3 Nh3+ 15. Kg2 Bd7 16. Rxd7 Nf4+ 17. gxf4 Kxd7 18. Rd1+ Kc7 19. Nd4 Rc8 20. Ne6+ Kb8 21. Nxg7 h5 22. Be6 Rc7 23. Nf5 h4 24. Nxh4 Rg7+ 25. Kf3 Bc7 26. Nf5 Rh3+ 27. Ke2 Rg2 28. Ne3 Rxe3+ 29. Kxe3 Bb6+ 30. Kd3 Rxf2 31. Rd2 Rf3+ 32. Kc4 Rxf4 33. Bf5 Ba5 34. b4 Bc7 35. Rg2 a6 36. Rg8+ Ka7 37. Nd1 Rf1 38. Ne3 Ra1 39. Be6 Bxh2 40. Ng4 Be5 41. Nxe5 fxe5 42. Kb3 Re1 43. Bf5 Rb1+ 44. Kc3 a5 45. bxa5 Rb5 46. Rd8 Rxa5 47. Be6 Ra4 48. Kd3 Kb6 49. Rd7 Rb4 50. c3 Ra4 51. Ke3 Ra7 52. Bc4 Kc5 53. Kd3 Ra4 54. Bb3 Ra7 55. Re7 Ra5 56. Rxe5+ Kb6 57. Rxa5 Kxa5 58. e5 Kb6 59. Ke4 Kc7 60. e6 Kd6 61. Kf5 Ke7 62. a4 b6 63. c4 c5 64. Ke5 Kf8 65. Kd6 Ke8 66. e7 Kf7 67. Kd7 1-0